Legislatívne možnosti riaditeľa pri výbere svojho zástupcu
Najčastejšie spôsoby obsadzovania miesta zástupcu riaditeľa. Vymenovanie zástupcu riaditeľa - určenie vnútorným predpisom školy. Obsadenie miesta zástupcu riaditeľa na základe pracovnej zmluvy. Vymenovanie riaditeľa bez vnútorného predpisu. Špecifické požiadavky a obmedzenia. Školy a školské zariade...
Gespeichert in:
| 1. Verfasser: | |
|---|---|
| Format: | Buchkapitel |
| Sprache: | Slowakisch |
| Schlagworte: | |
| Tags: |
Keine Tags, Fügen Sie das erste Tag hinzu!
|
MARC
| LEADER | 00000naa a2200000 4500 | ||
|---|---|---|---|
| 001 | 0281912 | ||
| 005 | 20240417075153.2 | ||
| 041 | 0 | |a slo | |
| 044 | |a SK | ||
| 245 | 1 | 0 | |a Legislatívne možnosti riaditeľa pri výbere svojho zástupcu |c Matej Drotár |
| 520 | |a Najčastejšie spôsoby obsadzovania miesta zástupcu riaditeľa. Vymenovanie zástupcu riaditeľa - určenie vnútorným predpisom školy. Obsadenie miesta zástupcu riaditeľa na základe pracovnej zmluvy. Vymenovanie riaditeľa bez vnútorného predpisu. Špecifické požiadavky a obmedzenia. Školy a školské zariadenia bez právnej subjektivity. | ||
| 610 | 2 | 0 | |a školy |
| 610 | 2 | 0 | |a vedenie |
| 610 | 2 | 0 | |a riaditelia |
| 610 | 2 | 0 | |a pracovníci |
| 610 | 2 | 0 | |a legislatíva |
| 610 | 2 | 0 | |a výber pracovníkov |
| 100 | 1 | |a Drotár, Matej | |